00341nam a2200121Ia 4500008004100000082001100041245003900052250000600091260003600097300000800133630003900141730003900180090124s9999 xx 000 0 und d b206124 a एक पेड की याद a1 bजोशी शेखरc2003 a111 a एक पेड की याद a एक पेड की याद